| 000 | 01612cam a2200445 a 4500 | ||
|---|---|---|---|
| 001 | 22175 | ||
| 003 | VRT | ||
| 005 | 20260321114558.0 | ||
| 008 | 240314s2010 xo g 000 f slo | ||
| 015 | _aSNBA2010/10-06667 | ||
| 020 |
_a9788055121208 _q(viaz.) |
||
| 035 | _aB113D6DA-05EA-46AE-B3C9-4A58D9798585 | ||
| 035 | _aurn:nbn:sk:snk-amk0bq | ||
| 035 | _aurn:nbn:sk:snk-am0087xg | ||
| 039 | 9 |
_a202403141454 _bVLOAD _c202309061240 _dmsnk170 _c201911101908 _dAUTHORITY _c201911101853 _dAUTHORITY |
|
| 040 |
_aPPPK _bslo _cPPPK _dTOTK _eAACR2 |
||
| 041 | 1 |
_aslo _heng |
|
| 044 |
_axo _cSK |
||
| 072 | 7 |
_a821.111(73)-3 _xAmerická próza _2konspekt |
|
| 080 |
_a821.111(73)-31 _22001 |
||
| 080 |
_a(0:82-312.5) _22001 |
||
| 100 | 1 |
_aSteel, Danielle, _d1947- _4aut |
|
| 240 | 1 | 2 |
_aA good woman _lSlovensky |
| 245 | 1 | 0 |
_aDobrá žena _cDanielle Steel ; [z anglického originálu preložila Tamara Chovanová] |
| 250 | _a[1. vyd.] | ||
| 260 |
_aBratislava _bIkar _c2010 |
||
| 300 |
_a247 s. _c21 cm |
||
| 655 | 7 |
_aamerické romány _2SNKPH |
|
| 655 | 7 |
_aľúbostné romány _2SNKPH |
|
| 700 | 1 |
_aChovanová, Tamara, _d1953- _4trl |
|
| 942 |
_2ddc _cKLDO _n0 |
||
| 949 |
_6270001000360937 _asvkbbA 127330 _bsvkbbm 707100 |
||
| 949 |
_617A0649859 _asnkSC 139451 _bsnk2010/5633 _o835/10 |
||
| 949 |
_617A0659819 _asnkSC 139451 D1 _bsnk2010/10913 _o835/10 _s6100:20140925 |
||
| 949 |
_6273K0519527 _asvkpoA 208242 _bsvkpo525925 |
||
| 949 |
_62889161681 _asavukPV 13355 _bsavuk2010/3052 |
||
| 949 |
_63869A17269 _abpksh821.111(73)-31 _bbpksh58234 |
||
| 980 | _a821.111(73)-31 | ||
| 999 |
_c22175 _d22175 |
||